Nation, territory, and globalization in Pakistan : (Record no. 14779)

000 -LEADER
fixed length control field 01729cam a2200373 a 4500
001 - CONTROL NUMBER
control field 16957879
005 - DATE AND TIME OF LATEST TRANSACTION
control field 20170105102904.0
008 - FIXED-LENGTH DATA ELEMENTS--GENERAL INFORMATION
fixed length control field 110912s2012 enkab b 001 0 eng
010 ## - LIBRARY OF CONGRESS CONTROL NUMBER
LC control number 2011036756
020 ## - INTERNATIONAL STANDARD BOOK NUMBER
International Standard Book Number 9780415587785 (hardback)
020 ## - INTERNATIONAL STANDARD BOOK NUMBER
International Standard Book Number 9780203125373 (ebook)
040 ## - CATALOGING SOURCE
Original cataloging agency DLC
Transcribing agency DLC
Modifying agency DLC
042 ## - AUTHENTICATION CODE
Authentication code pcc
043 ## - GEOGRAPHIC AREA CODE
Geographic area code a-pk---
050 00 - LIBRARY OF CONGRESS CALL NUMBER
Classification number DS376.98
Item number .H35 2012
082 00 - DEWEY DECIMAL CLASSIFICATION NUMBER
Classification number 911/.5491
Edition number 23
100 1# - MAIN ENTRY--PERSONAL NAME
Personal name Haines, Chad.
245 10 - TITLE STATEMENT
Title Nation, territory, and globalization in Pakistan :
Remainder of title traversing the margins /
Statement of responsibility, etc. Chad Haines.
260 ## - PUBLICATION, DISTRIBUTION, ETC.
Place of publication, distribution, etc. London ;
-- New York :
Name of publisher, distributor, etc. Routledge,
Date of publication, distribution, etc. 2012.
300 ## - PHYSICAL DESCRIPTION
Extent xii, 151 p. :
Other physical details ill., maps ;
Dimensions 25 cm.
490 0# - SERIES STATEMENT
Series statement Routledge contemporary South Asia series;
Volume/sequential designation 56
504 ## - BIBLIOGRAPHY, ETC. NOTE
Bibliography, etc. note Includes bibliographical references and index.
505 0# - FORMATTED CONTENTS NOTE
Formatted contents note Introduction -- Mapping liminal territories : frontierization and the making of the Gilgit Agency -- Landscaping the colonial state : reorienting the Gilgit Agency -- Orienting national horizons : the silk route imagined -- Emplacing the Karakoram Highway : from tourist spots to truck stops -- Policing destinations : tradition, gender and spaces of power -- Conclusion.
650 #0 - SUBJECT ADDED ENTRY--TOPICAL TERM
Topical term or geographic name entry element Legitimacy of governments
Geographic subdivision Pakistan.
651 #0 - SUBJECT ADDED ENTRY--GEOGRAPHIC NAME
Geographic name Pakistan
General subdivision Boundaries.
651 #0 - SUBJECT ADDED ENTRY--GEOGRAPHIC NAME
Geographic name Pakistan
General subdivision Colonial influence.
651 #0 - SUBJECT ADDED ENTRY--GEOGRAPHIC NAME
Geographic name Pakistan
General subdivision Politics and government.
651 #0 - SUBJECT ADDED ENTRY--GEOGRAPHIC NAME
Geographic name Karakoram Highway (China and Pakistan)
General subdivision Political aspects.
651 #0 - SUBJECT ADDED ENTRY--GEOGRAPHIC NAME
Geographic name Gilgit District (Pakistan)
General subdivision History.
651 #0 - SUBJECT ADDED ENTRY--GEOGRAPHIC NAME
Geographic name Baltistān District (Pakistan)
General subdivision History.
906 ## - LOCAL DATA ELEMENT F, LDF (RLIN)
a 7
b cbc
c orignew
d 1
e ecip
f 20
g y-gencatlg
942 ## - ADDED ENTRY ELEMENTS (KOHA)
Source of classification or shelving scheme
Koha item type Book
Holdings
Withdrawn status Lost status Damaged status Not for loan Collection code Permanent Location Current Location Shelving location Date acquired Total Checkouts Full call number Barcode Date last seen Price effective from Koha item type
          Centre for International Peace & Stability (CIPS) Centre for International Peace & Stability (CIPS) General Stacks 10/01/2013   911.5491 HAI 2012 CIPS0001390 10/22/2013 10/22/2013 Book
© 2023 Central Library, National University of Sciences and Technology. All Rights Reserved.